good kid, m.A.A.d city Tracklist - Statistics

General Stats
  • This quiz has been taken 57 times
  • The average score is 9 of 12
Answer Stats
# Answer Streams Artist(s) % Correct
5 Money Trees 2,192,486,546 Kendrick Lamar ft. Jay Rock
100%
2 Bitch, Don't Kill My Vibe 938,476,955 Kendrick Lamar
87%
8 m.A.A.d city 909,144,323 Kendrick Lamar ft. MC Eiht
83%
11 Real 108,855,479 Kendrick Lamar ft. Anna Wise
83%
3 Backseat Freestyle 510,263,508 Kendrick Lamar
78%
7 good kid 132,730,774 Kendrick Lamar
78%
9 Swimming Pools (Drank) - Extended Version 585,177,541 Kendrick Lamar
78%
12 Compton 103,556,184 Kendrick Lamar ft. Dr. Dre
74%
1 Sherane a.k.a. Master Splinter's Daughter 89,155,850 Kendrick Lamar
74%
10 Sing About Me, I'm Dying Of Thirst 242,244,814 Kendrick Lamar
74%
6 Poetic Justice 721,377,616 Kendrick Lamar ft. Drake
65%
4 The Art Of Peer Pressure 152,416,822 Kendrick Lamar
61%
No matching quizzes found
Score Distribution
Percent of People with Each Score
Percentile by Number Answered
Your Score History
You have not taken this quiz